000 00308nam a2200145 4500
020 _a0-451-16869-0
082 _a813.54
100 _aPeter Straub
245 _aMystery
260 _aAmerica
_bSignet Book
_c1990
300 _a545p.
_e18cm.
650 _aFiction
700 _aStraub, Peter
942 _cBK
999 _c12293
_d12293